MARC

LEADER 00000nam0a2200000 4500
001 322084
005 20231102003435.0
035 |a (RuTPU)RU\TPU\book\347640 
090 |a 322084 
100 |a 20160915d1954 km y0rusy50 ca 
101 0 |a rus 
102 |a RU 
105 |a a z 001zy 
200 1 |a Русская народная керамика. Гжель. Скопин. Дымково  |f О. С. Попова 
210 |a Москва  |c Всесоюзное кооперативное издательство  |d 1957 
215 |a 130 с.  |c ил. 
225 1 |a Художественные промыслы РСФСР 
320 |a Указатель имен: с. 125-129 
320 |9 572  |a Библиогр.: с. 130 
606 1 |a Керамика художественная  |2 stltpush  |3 (RuTPU)RU\TPU\subj\14282  |9 40722 
610 1 |a искусство 
610 1 |a керамические изделия 
610 1 |a художественные промыслы 
610 1 |a Россия 
610 1 |a декоративно-прикладное искусство 
610 1 |a народное искусство 
610 1 |a Гжель 
610 1 |a скопинская керамика 
610 1 |a дымковская игрушка 
675 |a 738  |v 4 
700 1 |a Попова  |b О. С.  |g Ольга Сергеевна 
801 1 |a RU  |b 63413507  |c 20160915 
801 2 |a RU  |b 63413507  |c 20200618  |g RCR 
942 |c BK